[Event "Shropshire Open"]
[Site "Telford"]
[Date "2025.01.05"]
[Round "4.5"]
[White "Surtees, Michael J"]
[Black "McCumiskey, Andrew P"]
[Result "1-0"]
[WhiteElo "2116"]
[BlackElo "2130"]
[PlyCount "81"]
[EventDate "2025.01.03"]
[EventType "swiss"]
[EventRounds "5"]
[EventCountry "ENG"]
[SourceTitle "BritBase"]
[Source "John Saunders"]
[SourceDate "2025.01.09"]
[SourceVersion "1"]
[SourceVersionDate "2025.01.09"]
[SourceQuality "1"]

1. e4 d6 2. d3 g6 3. c3 Bg7 4. Be3 c5 5. d4 cxd4 6. cxd4 Nc6 7. Ne2 Nf6 8. f3 O-O 9. Nbc3 Bd7 10. g4 h5 11. h3 Na5 12. b3 Rc8 13. Qd2 Nc6 14. Bg2 Qa5 15. Rc1 Nb4 16. O-O Rc7 17. g5 Ne8 18. Nd5 Rxc1 19. Rxc1 Nc6 20. Nxe7+ Kh7 21. Qxa5 Nxa5 22. d5 b6 23. Nc8 Bxc8 24. Rxc8 f6 25. h4 fxg5 26. hxg5 h4 27. Nf4 Be5 28. Ne6 Rh8 29. f4 Bb2 30. f5 gxf5 31. exf5 Rg8 32. Kh2 Nb7 33. f6 Kg6 34. Be4+ Kf7 35. Rb8 Be5+ 36. Kh3 Nc5 37. Bxc5 dxc5 38. Rb7+ Nc7 39. Nxc7 Rxg5 40. Ne6+ Kxf6 41. Nxg5 1-0

[Event "Shropshire Open"]
[Site "Telford"]
[Date "2025.01.05"]
[Round "4.6"]
[White "De Coverly, Roger D"]
[Black "Zabrocki, Philip AM"]
[Result "1/2-1/2"]
[WhiteElo "1997"]
[BlackElo "1980"]
[PlyCount "56"]
[EventDate "2025.01.03"]
[EventType "swiss"]
[EventRounds "5"]
[EventCountry "ENG"]
[SourceTitle "BritBase"]
[Source "John Saunders"]
[SourceDate "2025.01.09"]
[SourceVersion "1"]
[SourceVersionDate "2025.01.09"]
[SourceQuality "1"]

1. e4 e6 2. d3 d5 3. Nd2 c5 4. Ngf3 Nc6 5. g3 g6 6. Bg2 Bg7 7. O-O Nge7 8. Re1 b6 9. e5 Qc7 10. Qe2 g5 11. Nxg5 Qxe5 12. Qxe5 Bxe5 13. Ndf3 Bg7 14. c4 Nb4 15. Rd1 Bb7 16. a3 Nc2 17. Rb1 h6 18. Nh3 O-O-O 19. Rd2 Nd4 20. Nxd4 cxd4 21. b4 dxc4 22. Bxb7+ Kxb7 23. dxc4 Ng6 24. Kg2 Rhg8 25. Ng1 Ne5 26. Rc2 Nd3 27. Nf3 Nxc1 28. Rcxc1 Kc7 1/2-1/2

[Event "Shropshire Open"]
[Site "Telford"]
[Date "2025.01.05"]
[Round "4.7"]
[White "Burns, Martin J"]
[Black "Fleming, Nigel D"]
[Result "0-1"]
[WhiteElo "1916"]
[BlackElo "2078"]
[PlyCount "66"]
[EventDate "2025.01.03"]
[EventType "swiss"]
[EventRounds "5"]
[EventCountry "ENG"]
[SourceTitle "BritBase"]
[Source "John Saunders"]
[SourceDate "2025.01.09"]
[SourceVersion "1"]
[SourceVersionDate "2025.01.09"]
[SourceQuality "1"]

1. e4 Nf6 2. e5 Nd5 3. d4 d6 4. Nf3 dxe5 5. Nxe5 c6 6. Bc4 Nd7 7. O-O Nxe5 8. dxe5 Bf5 9. Bb3 e6 10. Qe2 Qc7 11. a3 Be7 12. Nd2 Nf4 13. Qe1 g5 14. Nf3 O-O-O 15. Be3 Bg4 16. Bxf4 gxf4 17. Qe4 Bxf3 18. Qxf3 Qxe5 19. Rae1 Qg5 20. Re4 Bd6 21. Ra4 Bb8 22. Bc4 Rhg8 23. Bd3 h5 24. Rc4 Rd6 25. b4 Bc7 26. a4 e5 27. b5 f5 28. bxc6 e4 29. cxb7+ Kb8 30. Bxe4 fxe4 31. Rxe4 Rdg6 32. Rb1 Qxg2+ 33. Qxg2 Rxg2+ 0-1

[Event "Shropshire Open"]
[Site "Telford"]
[Date "2025.01.05"]
[Round "4.8"]
[White "Doran, Chris"]
[Black "Gardiner, Harry"]
[Result "0-1"]
[WhiteElo "2029"]
[BlackElo "1914"]
[PlyCount "38"]
[EventDate "2025.01.03"]
[EventType "swiss"]
[EventRounds "5"]
[EventCountry "ENG"]
[SourceTitle "BritBase"]
[Source "John Saunders"]
[SourceDate "2025.01.09"]
[SourceVersion "1"]
[SourceVersionDate "2025.01.09"]
[SourceQuality "1"]

1. e4 c5 2. Nf3 e6 3. Nc3 Nc6 4. d4 cxd4 5. Nxd4 Nf6 6. Ndb5 Bb4 7. a3 Bxc3+ 8. Nxc3 d5 9. exd5 exd5 10. Bd3 O-O 11. O-O h6 12. Bf4 Re8 13. Nb5 Ne5 14. Re1 Bg4 15. f3 Qb6+ 16. Kh1 Nxf3 17. Rxe8+ Rxe8 18. gxf3 Re1+ 19. Kg2 Qg1# 0-1

[Event "Shropshire Open"]
[Site "Telford"]
[Date "2025.01.05"]
[Round "4.9"]
[White "Stern, Robert C"]
[Black "Van Kemenade, Julie"]
[Result "1-0"]
[WhiteElo "1958"]
[BlackElo "1618"]
[PlyCount "73"]
[EventDate "2025.01.03"]
[EventType "swiss"]
[EventRounds "5"]
[EventCountry "ENG"]
[SourceTitle "BritBase"]
[Source "John Saunders"]
[SourceDate "2025.01.09"]
[SourceVersion "1"]
[SourceVersionDate "2025.01.09"]
[SourceQuality "1"]

1. e4 d6 2. d4 Nf6 3. Nc3 c6 4. f4 Qa5 5. Bd3 e5 6. Nf3 Bg4 7. Be3 Nbd7 8. O-O exd4 9. Bxd4 O-O-O 10. h3 Bxf3 11. Qxf3 d5 12. e5 Bc5 13. Ne2 Ne8 14. c3 g6 15. a3 Ng7 16. b4 Bxd4+ 17. Nxd4 Qc7 18. Kh1 h5 19. Rae1 Rde8 20. e6 Nf6 21. f5 g5 22. exf7 Qxf7 23. Ne6 g4 24. Qe3 Kb8 25. b5 Re7 26. bxc6 bxc6 27. c4 Rhe8 28. cxd5 Nxd5 29. Qc5 Nf4 30. Qb4+ Ka8 31. Qxf4 gxh3 32. gxh3 Rd7 33. Nxg7 Rxe1 34. Rxe1 Rxd3 35. Re8+ Kb7 36. Rb8+ Ka6 37. Qa4# 1-0

[Event "Shropshire Open"]
[Site "Telford"]
[Date "2025.01.05"]
[Round "4.10"]
[White "Hollands, David"]
[Black "Layhe, Simon"]
[Result "1-0"]
[WhiteElo "1901"]
[BlackElo "1869"]
[PlyCount "47"]
[EventDate "2025.01.03"]
[EventType "swiss"]
[EventRounds "5"]
[EventCountry "ENG"]
[SourceTitle "BritBase"]
[Source "John Saunders"]
[SourceDate "2025.01.09"]
[SourceVersion "1"]
[SourceVersionDate "2025.01.09"]
[SourceQuality "1"]

1. Nf3 d5 2. d4 Nf6 3. Bf4 e6 4. e3 c5 5. c3 Be7 6. Bd3 Nc6 7. h3 h6 8. O-O O-O 9. Re1 c4 10. Bc2 b5 11. Nbd2 Bb7 12. e4 dxe4 13. Nxe4 Nxe4 14. Bxe4 Re8 15. Qe2 Bf6 16. Rad1 Na5 17. Bxb7 Nxb7 18. Ne5 Bxe5 19. dxe5 Qe7 20. Qg4 Kh7 21. Be3 a5 22. Qe4+ Kh8 23. Qc6 Red8 24. Qxb5 1-0

[Event "Shropshire Open"]
[Site "Telford"]
[Date "2025.01.05"]
[Round "4.11"]
[White "Gilmore, Simon N"]
[Black "Morrison, Joseph"]
[Result "1-0"]
[WhiteElo "2049"]
[BlackElo "1865"]
[PlyCount "63"]
[EventDate "2025.01.03"]
[EventType "swiss"]
[EventRounds "5"]
[EventCountry "ENG"]
[SourceTitle "BritBase"]
[Source "John Saunders"]
[SourceDate "2025.01.09"]
[SourceVersion "1"]
[SourceVersionDate "2025.01.09"]
[SourceQuality "1"]

1. Nf3 Nf6 2. d4 g6 3. c4 Bg7 4. Nc3 O-O 5. e4 d6 6. Be2 e5 7. d5 Ne8 8. h4 f5 9. h5 fxe4 10. Nxe4 Bf5 11. Ng3 Bf6 12. hxg6 hxg6 13. Bh6 Ng7 14. Qd2 Qe7 15. Ng5 Re8 16. N3e4 Nd7 17. g4 Bxe4 18. Nxe4 Qf7 19. O-O-O Rec8 20. Rh3 Ne8 21. Rdh1 Nc5 22. Nxf6+ Qxf6 23. Bg5 Qg7 24. Bd3 e4 25. Bc2 c6 26. dxc6 bxc6 27. Bh6 Qf6 28. Bg5 Qg7 29. Qf4 Ne6 30. Rh8+ Qxh8 31. Rxh8+ Kxh8 32. Qxe4 1-0

[Event "Shropshire Open"]
[Site "Telford"]
[Date "2025.01.05"]
[Round "4.12"]
[White "Smith, David"]
[Black "Tarr, Stephen F"]
[Result "1/2-1/2"]
[WhiteElo "1860"]
[BlackElo "1801"]
[PlyCount "95"]
[EventDate "2025.01.03"]
[EventType "swiss"]
[EventRounds "5"]
[EventCountry "ENG"]
[SourceTitle "BritBase"]
[Source "John Saunders"]
[SourceDate "2025.01.09"]
[SourceVersion "1"]
[SourceVersionDate "2025.01.09"]
[SourceQuality "1"]

1. d4 Nf6 2. e3 d5 3. Bd3 c5 4. c3 Nc6 5. f4 cxd4 6. exd4 Qc7 7. Nf3 Bg4 8. O-O e6 9. Qc2 Bxf3 10. Rxf3 Bd6 11. Be3 Ng4 12. g3 Nxe3 13. Rxe3 O-O-O 14. b4 h5 15. Nd2 h4 16. Nf3 hxg3 17. hxg3 Rh3 18. Ng5 Bxf4 19. Nxh3 Bxe3+ 20. Kg2 Rh8 21. Qe2 Bh6 22. a4 Ne7 23. Ra2 Kb8 24. Rc2 g6 25. Qf3 Nf5 26. Bxf5 gxf5 27. Nf4 Rg8 28. Kf2 Rg4 29. Ne2 Re4 30. Qh5 Bg7 31. Qh7 Bf8 32. Qg8 Qe7 33. Nf4 a6 34. b5 Ka7 35. b6+ Kxb6 36. Rb2+ Ka7 37. Rb3 Bh6 38. Nd3 f4 39. Nc5 fxg3+ 40. Qxg3 Qf6+ 41. Kg1 Be3+ 42. Kg2 Rg4 43. Rxb7+ Ka8 44. Qxg4 Qf2+ 45. Kh3 Qf1+ 46. Qg2 Qf5+ 47. Kh2 Qf4+ 48. Kh3 1/2-1/2

[Event "Shropshire Open"]
[Site "Telford"]
[Date "2025.01.05"]
[Round "4.13"]
[White "Faustino, Tiago"]
[Black "Pink, Joshua"]
[Result "0-1"]
[WhiteElo "1981"]
[BlackElo "2081"]
[PlyCount "86"]
[EventDate "2025.01.03"]
[EventType "swiss"]
[EventRounds "5"]
[EventCountry "ENG"]
[SourceTitle "BritBase"]
[Source "John Saunders"]
[SourceDate "2025.01.09"]
[SourceVersion "1"]
[SourceVersionDate "2025.01.09"]
[SourceQuality "1"]

1. d4 Nf6 2. c4 c5 3. d5 e6 4. Nc3 exd5 5. cxd5 d6 6. g3 g6 7. Bg2 Bg7 8. Nf3 O-O 9. O-O Re8 10. Qb3 Nbd7 11. Bf4 Nb6 12. Rad1 Bf5 13. Rfe1 Ne4 14. Nh4 c4 15. Qa3 Nxc3 16. bxc3 Be4 17. Bxd6 Bxc3 18. Qxc3 Qxd6 19. Qd4 Qe5 20. Qxe5 Rxe5 21. Bxe4 Rxe4 22. Ng2 c3 23. Ne3 Nc4 24. Nxc4 Rxc4 25. e4 f6 26. f3 Kf7 27. Kf2 b5 28. Ke3 Rac8 29. Re2 b4 30. Rc2 a5 31. Rd4 Rxd4 32. Kxd4 a4 33. f4 Rb8 34. Rc1 Rc8 35. Rc2 Ke7 36. e5 fxe5+ 37. fxe5 Kd7 38. h3 Ke7 39. g4 g5 40. Kd3 Rf8 41. Ke4 Rb8 42. Kd3 b3 43. axb3 axb3 0-1

[Event "Shropshire Open"]
[Site "Telford"]
[Date "2025.01.05"]
[Round "5.1"]
[White "Sygnowski, Tomasz"]
[Black "Okhai, Shabir"]
[Result "0-1"]
[WhiteElo "2247"]
[BlackElo "2212"]
[PlyCount "68"]
[EventDate "2025.01.03"]
[EventType "swiss"]
[EventRounds "5"]
[EventCountry "ENG"]
[SourceTitle "BritBase"]
[Source "John Saunders"]
[SourceDate "2025.01.09"]
[SourceVersion "1"]
[SourceVersionDate "2025.01.09"]
[SourceQuality "1"]

1. e4 e5 2. Nc3 Nf6 3. Bc4 Nxe4 4. Qh5 Nd6 5. Bb3 Be7 6. Nf3 Nc6 7. Nxe5 g6 8. Nxc6 dxc6 9. Qf3 O-O 10. d3 a5 11. g4 Bf6 12. a4 Re8+ 13. Be3 Be6 14. Bxe6 Rxe6 15. h4 b5 16. axb5 cxb5 17. Nd5 Bxb2 18. Rb1 Bd4 19. h5 Bxe3 20. fxe3 c6 21. Nf4 Qf6 22. O-O Re5 23. Qxc6 Rc8 24. Qg2 Qh4 25. Nd5 Rxd5 26. Qxd5 Rxc2 27. Qa8+ Nc8 28. Rxf7 Qxg4+ 29. Kf1 Qe2+ 30. Kg1 Qxe3+ 31. Kh1 Qh3+ 32. Kg1 Qg3+ 33. Kf1 Kxf7 34. Qb7+ Ne7 0-1

[Event "Shropshire Open"]
[Site "Telford"]
[Date "2025.01.05"]
[Round "5.2"]
[White "Surtees, Michael J"]
[Black "Kett, Timothy"]
[Result "0-1"]
[WhiteElo "2116"]
[BlackElo "2185"]
[PlyCount "82"]
[EventDate "2025.01.03"]
[EventType "swiss"]
[EventRounds "5"]
[EventCountry "ENG"]
[SourceTitle "BritBase"]
[Source "John Saunders"]
[SourceDate "2025.01.09"]
[SourceVersion "1"]
[SourceVersionDate "2025.01.09"]
[SourceQuality "1"]

1. e4 e5 2. d3 d5 3. exd5 Qxd5 4. Nc3 Bb4 5. Nf3 Nc6 6. Be2 Nf6 7. O-O Bxc3 8. bxc3 Bg4 9. Re1 O-O-O 10. Nd2 Bxe2 11. Qxe2 Rhe8 12. Nc4 e4 13. d4 h6 14. Rb1 a6 15. a4 Qh5 16. Qxh5 Nxh5 17. Bd2 f5 18. f3 exf3 19. gxf3 Rxe1+ 20. Bxe1 Re8 21. Bd2 Re2 22. Re1 Rxe1+ 23. Bxe1 Kd7 24. Bd2 Ke6 25. Kf2 Nf6 26. Ke2 g5 27. Kd3 f4 28. Bc1 Kf5 29. h3 h5 30. Ke2 g4 31. hxg4+ hxg4 32. Kf2 g3+ 33. Kg2 Nd5 34. Bd2 Nde7 35. Nb2 Ng6 36. Nd3 Nd8 37. Ne1 Ne6 38. Kf1 Ng5 39. Ke2 Nh4 40. Bc1 g2 41. Kf2 Nh3+ 0-1

[Event "Shropshire Open"]
[Site "Telford"]
[Date "2025.01.05"]
[Round "5.3"]
[White "Van Kemenade, Rudy"]
[Black "Paul, Nathanael"]
[Result "1/2-1/2"]
[WhiteElo "1905"]
[BlackElo "2158"]
[PlyCount "68"]
[EventDate "2025.01.03"]
[EventType "swiss"]
[EventRounds "5"]
[EventCountry "ENG"]
[SourceTitle "BritBase"]
[Source "John Saunders"]
[SourceDate "2025.01.09"]
[SourceVersion "1"]
[SourceVersionDate "2025.01.09"]
[SourceQuality "1"]

1. f4 d5 2. Nf3 Nf6 3. g3 c5 4. Bg2 Nc6 5. d3 Bf5 6. O-O e6 7. c3 Be7 8. h3 h6 9. Qe1 Qc7 10. Na3 a6 11. Nc2 Bh7 12. Nd2 d4 13. Nf3 Rd8 14. Qf2 Qd6 15. Bd2 O-O 16. g4 c4 17. Ncxd4 cxd3 18. Nxc6 bxc6 19. exd3 Bxd3 20. Rfe1 Ne4 21. Qe3 Nxd2 22. Nxd2 Bh4 23. Rec1 f5 24. Nf3 Bf6 25. Rd1 c5 26. g5 hxg5 27. fxg5 Be7 28. Ne5 Bxg5 29. Qxd3 Qxe5 30. Qxa6 Qe3+ 31. Kf1 Qf4+ 32. Kg1 Qe3+ 33. Kf1 Qf4+ 34. Kg1 Qe3+ 1/2-1/2

[Event "Shropshire Open"]
[Site "Telford"]
[Date "2025.01.05"]
[Round "5.4"]
[White "Fleming, Nigel D"]
[Black "Stern, Robert C"]
[Result "1/2-1/2"]
[WhiteElo "2078"]
[BlackElo "1958"]
[PlyCount "51"]
[EventDate "2025.01.03"]
[EventType "swiss"]
[EventRounds "5"]
[EventCountry "ENG"]
[SourceTitle "BritBase"]
[Source "John Saunders"]
[SourceDate "2025.01.09"]
[SourceVersion "1"]
[SourceVersionDate "2025.01.09"]
[SourceQuality "1"]

1. e4 e6 2. d4 d5 3. Bd3 c5 4. exd5 exd5 5. c3 cxd4 6. cxd4 Nc6 7. Nf3 Bd6 8. O-O Nge7 9. Nc3 h6 10. Re1 O-O 11. h3 a6 12. a3 b5 13. Ne2 Qc7 14. Bd2 Be6 15. Rc1 Rac8 16. Qb3 Qb8 17. a4 Na7 18. Bb4 Rxc1 19. Nxc1 bxa4 20. Bxd6 axb3 21. Bxb8 Rxb8 22. Bxa6 Rb6 23. Bd3 Nac6 24. Re3 Rb4 25. Be2 Nxd4 26. Nxd4 1/2-1/2

[Event "Shropshire Open"]
[Site "Telford"]
[Date "2025.01.05"]
[Round "5.5"]
[White "Shivakumar, Akshath"]
[Black "Zabrocki, Philip AM"]
[Result "0-1"]
[WhiteElo "1745"]
[BlackElo "1980"]
[PlyCount "157"]
[EventDate "2025.01.03"]
[EventType "swiss"]
[EventRounds "5"]
[EventCountry "ENG"]
[SourceTitle "BritBase"]
[Source "John Saunders"]
[SourceDate "2025.01.09"]
[SourceVersion "1"]
[SourceVersionDate "2025.01.09"]
[SourceQuality "1"]

1. d4 Nf6 2. c4 g6 3. Nc3 Bg7 4. e4 d6 5. Bd3 O-O 6. Nge2 Na6 7. a3 c5 8. d5 e6 9. h3 exd5 10. cxd5 Nc7 11. O-O b5 12. f3 Rb8 13. Be3 Re8 14. Qd2 a5 15. Bh6 Bh8 16. Bg5 b4 17. axb4 axb4 18. Nd1 Na8 19. h4 Qc7 20. Ne3 Nb6 21. Nc4 Nxc4 22. Bxc4 Nd7 23. Bf4 Ne5 24. Bxe5 Bxe5 25. h5 Bg7 26. hxg6 hxg6 27. Ra4 Bd7 28. Ra6 Rb6 29. Rfa1 Reb8 30. Rxb6 Rxb6 31. Ra8+ Rb8 32. Ra6 Bb5 33. Bxb5 Rxb5 34. Ra8+ Rb8 35. Ra6 Qd8 36. b3 Ra8 37. Qa2 Rxa6 38. Qxa6 Qf6 39. Qc4 Qh4 40. Qc1 Qf6 41. Qc4 Bh6 42. Kf2 Qh4+ 43. g3 Qh2+ 44. Ke1 Be3 45. Kd1 Qh1+ 46. Kc2 Qxf3 47. Qd3 Kf8 48. Kb1 Qf1+ 49. Kc2 Bg5 50. Qa6 Qf6 51. Qc8+ Kg7 52. Qa6 Qe5 53. Qc4 Qa1 54. Nf4 Qa2+ 55. Kd3 Qf2 56. Ne2 Qe3+ 57. Kc2 Qd2+ 58. Kb1 Bf6 59. Qc2 Qe1+ 60. Nc1 Bg5 61. g4 Qxc1+ 62. Qxc1 Bxc1 63. Kxc1 Kf6 64. Kd2 Ke5 65. Ke3 g5 66. Kd3 Kf4 67. Kc4 Kxe4 68. Kb5 Kxd5 69. Ka5 Kd4 70. Ka4 Kc3 71. Kb5 Kxb3 72. Ka5 Kc3 73. Kb5 b3 74. Ka5 b2 75. Ka6 b1=Q 76. Ka7 Kc4 77. Ka8 Kd5 78. Ka7 Kc6 79. Ka8 0-1

[Event "Shropshire Open"]
[Site "Telford"]
[Date "2025.01.05"]
[Round "5.6"]
[White "Gardiner, Harry"]
[Black "Gilmore, Simon N"]
[Result "0-1"]
[WhiteElo "1914"]
[BlackElo "2049"]
[PlyCount "112"]
[EventDate "2025.01.03"]
[EventType "swiss"]
[EventRounds "5"]
[EventCountry "ENG"]
[SourceTitle "BritBase"]
[Source "John Saunders"]
[SourceDate "2025.01.09"]
[SourceVersion "1"]
[SourceVersionDate "2025.01.09"]
[SourceQuality "1"]

1. d4 Nf6 2. c4 e6 3. Nf3 b6 4. a3 Bb7 5. Bf4 d6 6. Nbd2 Be7 7. e3 Nh5 8. Bg3 Nxg3 9. hxg3 Nd7 10. Bd3 Nf6 11. Qc2 h6 12. b4 a5 13. b5 c5 14. bxc6 Bxc6 15. Rb1 Rb8 16. O-O O-O 17. Rfd1 Qd7 18. Qc3 Rfc8 19. Rb2 Qc7 20. Rdb1 Ba8 21. a4 Nd5 22. Qb3 Nb4 23. Be4 Bxe4 24. Nxe4 Qxc4 25. g4 Qxb3 26. Rxb3 Rc2 27. Ng3 Rbc8 28. e4 Ra2 29. Rxb4 axb4 30. Rxb4 Bd8 31. d5 Kf8 32. Nd4 Ke7 33. Nc6+ Kd7 34. Nxd8 Rxd8 35. Rxb6 Kc7 36. Rc6+ Kb7 37. Rc4 Ra8 38. Rb4+ Kc7 39. Rc4+ Kd7 40. Rb4 Ra7 41. Rb8 Ke7 42. Rg8 g6 43. dxe6 Kxe6 44. Rh8 R7xa4 45. Rxh6 Rb4 46. Rh8 Rb1+ 47. Kh2 Rxf2 48. Nh1 Ra2 49. Kg3 Rb3+ 50. Kf4 Rxg2 51. Re8+ Kf6 52. g5+ Rxg5 53. Nf2 Rg2 54. Ng4+ Kg7 55. Rd8 Rbg3 56. Ne3 g5+ 0-1

[Event "Shropshire Open"]
[Site "Telford"]
[Date "2025.01.05"]
[Round "5.7"]
[White "Evans, Paul A"]
[Black "Ferrington, Nigel M"]
[Result "1/2-1/2"]
[WhiteElo "2052"]
[BlackElo "2149"]
[PlyCount "156"]
[EventDate "2025.01.03"]
[EventType "swiss"]
[EventRounds "5"]
[EventCountry "ENG"]
[SourceTitle "BritBase"]
[Source "John Saunders"]
[SourceDate "2025.01.09"]
[SourceVersion "1"]
[SourceVersionDate "2025.01.09"]
[SourceQuality "1"]

1. e4 e5 2. Nc3 Nf6 3. Bc4 Nc6 4. d3 Na5 5. Bb3 Nxb3 6. axb3 d5 7. Bg5 dxe4 8. dxe4 Qxd1+ 9. Rxd1 Bb4 10. Nge2 Be6 11. O-O c6 12. h3 Nd7 13. f4 f6 14. Bh4 exf4 15. Nxf4 Bf7 16. Nd3 Bd6 17. e5 Bxe5 18. Nxe5 Nxe5 19. Bg3 O-O 20. Bxe5 fxe5 21. Rd7 Bg6 22. Rxb7 Rxf1+ 23. Kxf1 Bxc2 24. b4 a6 25. Ke2 Rd8 26. Ke3 Rd3+ 27. Ke2 Rd4 28. Ke3 h6 29. Rb6 Kf7 30. Rxa6 Rxb4 31. Rxc6 Rxb2 32. Rd6 Rb3 33. Rc6 Bg6 34. g3 Bf5 35. h4 Bd7 36. Rc7 Ke6 37. Kd2 Kd6 38. Ra7 g6 39. Ne4+ Kc6 40. Rxd7 Rb2+ 41. Kc3 Re2 42. Rd6+ Kc7 43. Rxg6 Rxe4 44. Kd3 Ra4 45. Ke3 Kd7 46. Kf3 h5 47. Rg5 Ke6 48. Rxh5 Ra3+ 49. Kg2 Ra2+ 50. Kf1 Ra1+ 51. Ke2 Ra2+ 52. Kd1 Ra1+ 53. Kc2 e4 54. Kd2 Ra3 55. Rg5 Kf6 56. Ke2 Rb3 57. Kf2 Rf3+ 58. Kg2 Ke6 59. h5 Rf6 60. Ra5 Kf7 61. Re5 Kg7 62. Rxe4 Kh6 63. Re5 Ra6 64. Kh3 Ra1 65. Kh4 Rb1 66. Re6+ Kg7 67. h6+ Kh7 68. g4 Ra1 69. Kh5 Rh1+ 70. Kg5 Ra1 71. Re7+ Kg8 72. h7+ Kh8 73. Kh5 Ra5+ 74. Kh4 Rh5+ 75. Kg3 Rh3+ 76. Kf4 Rf3+ 77. Ke5 Rf5+ 78. Ke6 Rg5 1/2-1/2

[Event "Shropshire Open"]
[Site "Telford"]
[Date "2025.01.05"]
[Round "5.8"]
[White "McCumiskey, Andrew P"]
[Black "De Coverly, Roger D"]
[Result "1-0"]
[WhiteElo "2130"]
[BlackElo "1997"]
[PlyCount "71"]
[EventDate "2025.01.03"]
[EventType "swiss"]
[EventRounds "5"]
[EventCountry "ENG"]
[SourceTitle "BritBase"]
[Source "John Saunders"]
[SourceDate "2025.01.09"]
[SourceVersion "1"]
[SourceVersionDate "2025.01.09"]
[SourceQuality "1"]

1. d4 Nf6 2. Nc3 c5 3. d5 d6 4. e4 a6 5. a4 g6 6. Bg5 Bg7 7. Qd2 Qa5 8. Ra3 Nbd7 9. Nf3 h6 10. Bf4 Ng4 11. Be2 Nge5 12. O-O g5 13. Nxe5 Nxe5 14. Be3 Bd7 15. f4 gxf4 16. Bxf4 O-O-O 17. Be3 Rdg8 18. Rb1 h5 19. b4 cxb4 20. Na2 Bg4 21. Rxb4 Bxe2 22. Qxe2 Nd7 23. Rab3 Nc5 24. Bxc5 Qxc5+ 25. Kh1 Qa7 26. Qc4+ Qc5 27. Qf1 Qa7 28. Qb1 b5 29. axb5 a5 30. b6 Qa6 31. b7+ Kb8 32. Rb6 Qe2 33. Rc6 Ka7 34. Ra3 Bc3 35. Qb6+ Kb8 36. Qc7+ 1-0

[Event "Shropshire Open"]
[Site "Telford"]
[Date "2025.01.05"]
[Round "5.9"]
[White "Van Kemenade, Julie"]
[Black "Hollands, David"]
[Result "0-1"]
[WhiteElo "1618"]
[BlackElo "1901"]
[PlyCount "50"]
[EventDate "2025.01.03"]
[EventType "swiss"]
[EventRounds "5"]
[EventCountry "ENG"]
[SourceTitle "BritBase"]
[Source "John Saunders"]
[SourceDate "2025.01.09"]
[SourceVersion "1"]
[SourceVersionDate "2025.01.09"]
[SourceQuality "1"]

1. e4 b6 2. Nf3 Bb7 3. d3 g6 4. g3 Bg7 5. Bg2 d6 6. O-O Nd7 7. Re1 e5 8. Nbd2 Ngf6 9. Nf1 O-O 10. c3 Re8 11. Ne3 c6 12. Nc2 d5 13. Be3 dxe4 14. dxe4 Nxe4 15. Nd2 Nef6 16. Nc4 Qc7 17. Nd6 Re6 18. Nxb7 Qxb7 19. Bh3 Ree8 20. Qd2 Rad8 21. Rad1 Qc7 22. Bg5 Nc5 23. Qe2 Rxd1 24. Rxd1 e4 25. Nd4 Ne6 0-1

[Event "Shropshire Open"]
[Site "Telford"]
[Date "2025.01.05"]
[Round "5.12"]
[White "Sullivan, Luke"]
[Black "Tarr, Stephen F"]
[Result "1/2-1/2"]
[WhiteElo "1675"]
[BlackElo "1801"]
[PlyCount "162"]
[EventDate "2025.01.03"]
[EventType "swiss"]
[EventRounds "5"]
[EventCountry "ENG"]
[SourceTitle "BritBase"]
[Source "John Saunders"]
[SourceDate "2025.01.09"]
[SourceVersion "1"]
[SourceVersionDate "2025.01.09"]
[SourceQuality "1"]

1. d4 Nf6 2. Nf3 d5 3. Bf4 c5 4. c3 Nc6 5. e3 Qb6 6. Qc1 Bf5 7. Be2 Rc8 8. dxc5 Qxc5 9. Nbd2 Nb4 10. Nd4 Bd3 11. O-O Bxe2 12. cxb4 Qxc1 13. Rfxc1 Bg4 14. Rxc8+ Bxc8 15. Rc1 Bd7 16. Rc7 Nh5 17. Rxb7 Nxf4 18. Rb8+ Bc8 19. exf4 Kd7 20. Rb5 e6 21. Ra5 a6 22. Ra4 Bd6 23. g3 e5 24. fxe5 Bxe5 25. N2f3 Bf6 26. Ra5 Bb7 27. Rc5 Re8 28. Rc2 Re4 29. Nb3 Rxb4 30. Nc5+ Kd6 31. Nxb7+ Rxb7 32. b3 d4 33. Kf1 Kd5 34. Ke2 Ke4 35. Nd2+ Kd5 36. Nf3 Re7+ 37. Kd3 g5 38. Re2 Rxe2 39. Kxe2 g4 40. Ne1 Ke4 41. Nd3 Be7 42. Nc1 a5 43. Nd3 Bd6 44. Ne1 Bb4 45. Nd3 f6 46. Nc1 Bd6 47. Nd3 f5 48. Ne1 f4 49. Nd3 f3+ 50. Kd2 Be7 51. Kc2 Bg5 52. Nc5+ Kd5 53. Nd3 Be7 54. Nf4+ Ke4 55. Nd3 Bb4 56. Nc1 Be1 57. Nd3 Bxf2 58. Nxf2+ Ke3 59. Nd3 f2 60. Nxf2 Kxf2 61. Kd3 Kg2 62. a3 Kxh2 63. b4 axb4 64. axb4 Kxg3 65. b5 Kf2 66. b6 g3 67. b7 g2 68. b8=Q g1=Q 69. Qf4+ Kg2 70. Qg4+ Kh1 71. Qh4+ Qh2 72. Qe4+ Qg2 73. Qxh7+ Kg1 74. Kxd4 Qb2+ 75. Kc4 Qa2+ 76. Kc5 Qa5+ 77. Kd4 Qb4+ 78. Ke5 Qc3+ 79. Ke6 Qe3+ 80. Kf6 Qd4+ 81. Kf7 Qd5+ 1/2-1/2

[Event "Shropshire Major U1900"]
[Site "Telford"]
[Date "2025.01.03"]
[Round "1.1"]
[White "Raghavan, Rajeev P"]
[Black "Mottram, Paul"]
[Result "1-0"]
[WhiteElo "1896"]
[BlackElo "1739"]
[PlyCount "91"]
[EventDate "2025.01.03"]
[EventType "swiss"]
[EventRounds "5"]
[EventCountry "ENG"]
[SourceTitle "BritBase"]
[Source "John Saunders"]
[SourceDate "2025.01.09"]
[SourceVersion "1"]
[SourceVersionDate "2025.01.09"]
[SourceQuality "1"]

1. c4 c6 2. d4 d5 3. Nf3 Nf6 4. Nc3 e6 5. g3 Nbd7 6. Bg2 dxc4 7. a4 Bb4 8. O-O O-O 9. Qc2 Bxc3 10. bxc3 b5 11. Rd1 Bb7 12. e4 h6 13. Rb1 a6 14. Ba3 Re8 15. Nd2 Qc7 16. Qb2 Nb6 17. axb5 cxb5 18. Bc5 Na4 19. Qb4 Nxc5 20. dxc5 Rec8 21. Nxc4 Qxc5 22. Nd6 Qxb4 23. cxb4 Rc7 24. Nxb7 Rxb7 25. Ra1 Rc7 26. e5 Nd5 27. Bxd5 exd5 28. Rxd5 Raa7 29. Kf1 Kf8 30. Ke2 Ke7 31. Ke3 Ke6 32. Ke4 Rc4+ 33. Rd4 Rc6 34. f4 g6 35. Ra3 Rd7 36. g4 Rxd4+ 37. Kxd4 Rc4+ 38. Ke3 Rxb4 39. Rxa6+ Kd5 40. Rd6+ Kc4 41. Rd4+ Kc5 42. Rxb4 Kxb4 43. Kd4 Ka5 44. f5 Kb6 45. e6 fxe6 46. fxg6 1-0

[Event "Shropshire Major U1900"]
[Site "Telford"]
[Date "2025.01.03"]
[Round "1.2"]
[White "Mellor, Peter"]
[Black "Emery, Ian"]
[Result "1/2-1/2"]
[WhiteElo "1738"]
[BlackElo "1894"]
[PlyCount "56"]
[EventDate "2025.01.03"]
[EventType "swiss"]
[EventRounds "5"]
[EventCountry "ENG"]
[SourceTitle "BritBase"]
[Source "John Saunders"]
[SourceDate "2025.01.09"]
[SourceVersion "1"]
[SourceVersionDate "2025.01.09"]
[SourceQuality "1"]

1. Nc3 Nf6 2. e4 e5 3. Bc4 Bc5 4. Nf3 d6 5. h3 c6 6. d3 b5 7. Bb3 a5 8. a4 b4 9. Ne2 Qb6 10. O-O O-O 11. Ng3 h6 12. Nh4 d5 13. Nh5 Be7 14. Qf3 Nxh5 15. Qxh5 Qd8 16. Nf3 f6 17. Bxh6 gxh6 18. Qg6+ Kh8 19. Qxh6+ Kg8 20. Qg6+ Kh8 21. Nh4 Qe8 22. Qh6+ Kg8 23. Ng6 Kf7 24. exd5 Rg8 25. d6+ Be6 26. Qh7+ Rg7 27. Qh6 Rg8 28. Nxe7 Qd8 1/2-1/2